Post captain : (Record no. 6197)

MARC details
000 -LEADER
fixed length control field 01804cam a2200349 4500
001 - CONTROL NUMBER
control field 6197
003 - CONTROL NUMBER IDENTIFIER
control field FISKH
005 - DATE AND TIME OF LATEST TRANSACTION
control field 20250327102415.0
008 - FIXED-LENGTH DATA ELEMENTS--GENERAL INFORMATION
fixed length control field 730503s1972 enk 000 1 eng
010 ## - LIBRARY OF CONGRESS CONTROL NUMBER
LC control number 73156234
015 ## - NATIONAL BIBLIOGRAPHY NUMBER
National bibliography number B72-21101
020 ## - INTERNATIONAL STANDARD BOOK NUMBER
International Standard Book Number 0002216574
020 ## - INTERNATIONAL STANDARD BOOK NUMBER
International Standard Book Number 9780006499169
Terms of availability $6.00
040 ## - CATALOGING SOURCE
Original cataloging agency DLC
Transcribing agency DLC
Modifying agency DLC
Language of cataloging eng
050 ## - LIBRARY OF CONGRESS CALL NUMBER
Classification number PR6029.B55 P67
082 ## - DEWEY DECIMAL CLASSIFICATION NUMBER
Classification number 823.914
100 1# - MAIN ENTRY--PERSONAL NAME
Personal name O'Brian, Patrick,
Dates associated with a name 1914-2000.
245 10 - TITLE STATEMENT
Title Post captain :
Remainder of title This book set him at the very top of his genre' Mary Renault /
Statement of responsibility, etc. Patrick O'Brian
260 ## - PUBLICATION, DISTRIBUTION, ETC.
Place of publication, distribution, etc. London :
Name of publisher, distributor, etc. Collins,
Date of publication, distribution, etc. 1972.
300 ## - PHYSICAL DESCRIPTION
Extent 501 pages :
Dimensions 20 cm
520 ## - SUMMARY, ETC.
Summary, etc. In 1803, Napoleon smashes the Peace of Amiens, going to war once again. This is doubly alarming news for Captain Jack Aubrey, who is taking refuge in France from his creditors. He is interned but soon escapes from his French debtor's prison, fleeing across the French countryside to lead a ship into battle. After managing to avert a possible mutiny, he pursues his quarry straight into the mouth of a French-held harbor. Stephen Maturin's struggles, with himself as much as with a proud and intelligent woman, are woven into Aubrey's, straining their friendship at times to the breaking point.<br/>The high-seas excitement continues in this second installment of Patrick O'Brian's highly acclaimed series.
600 10 - SUBJECT ADDED ENTRY--PERSONAL NAME
Personal name Aubrey, Jack
Titles and other words associated with a name (Fictitious character)
Form subdivision Fiction.
600 10 - SUBJECT ADDED ENTRY--PERSONAL NAME
Personal name Maturin, Stephen
Titles and other words associated with a name (Fictitious character)
Form subdivision Fiction.
650 #0 - SUBJECT ADDED ENTRY--TOPICAL TERM
Topical term or geographic name entry element Ship physicians
Form subdivision Fiction.
650 #0 - SUBJECT ADDED ENTRY--TOPICAL TERM
Topical term or geographic name entry element Ship captains
Form subdivision Fiction.
651 #0 - SUBJECT ADDED ENTRY--GEOGRAPHIC NAME
Geographic name Great Britain
General subdivision History, Naval
Chronological subdivision 19th century
Form subdivision Fiction.
655 #7 - INDEX TERM--GENRE/FORM
Genre/form data or focus term Historical fiction.
Source of term gsafd
655 #7 - INDEX TERM--GENRE/FORM
Genre/form data or focus term Sea stories.
Source of term gsafd
906 ## - LOCAL DATA ELEMENT F, LDF (RLIN)
a 7
b cbc
c orignew
d 3
e ncip
f 19
g y-gencatlg
942 ## - ADDED ENTRY ELEMENTS (KOHA)
Source of classification or shelving scheme Dewey Decimal Classification
Koha item type Books
Suppress in OPAC No
Holdings
Withdrawn status Lost status Source of classification or shelving scheme Damaged status Not for loan Collection Home library Current library Shelving location Date acquired Total Checkouts Full call number Barcode Date last seen Price effective from Koha item type
    Dewey Decimal Classification     Fiction Footprints International School Library Network Toul Kork Campus Footprints International School Library Network Toul Kork Campus A TK Campus, 4th Floor, Room B401, Fiction Bookcases (1-6) 03/27/2025   O'BR 823.914 PR6029.B55 P67 2025-0852 03/27/2025 03/27/2025 Books